01012nam a2200229 a 450000100100000000500170001000800410002702000150006804000250008308200200010810000310012824000470015924501360020626000310034230000350037365000380040865000340044670000430048095201180052395201240064199900170076500001893020250527113226.0100520s1983 mx 000 0 spa d a968181617X aDO-SdBNPbspacBNPHU a658.4012bA182p1 aAckoff, Russell L.,94074110aCreating the corporate future.lEspañol.10aPlanificación de la empresa del futuro :bplanear o ser planeado /cRussell L. Ackoff ; traducción de Esteban Torres Alexander. aMéxico :bLimusa,c1983. a357 p. :bil., diag. ;c24 cm. 0aAdministración industrial95872 0aPolítica económica9849311 aTorres Alexander, Esteban,etr.940742 001050718MOaGRbGRcHDd2010-05-20iLF1l0o658.4012 A182pp18930-10r2020-06-25w2020-06-25y1ZNo se presta 001150718MOaGRbGRcMId2017-04-03iLF1l0o658.4012 A182pp18930-20r2020-06-25te. 2w2020-06-25y1ZNo se presta c18448d18448